[Event "Championnat de France des Jeunes - Benj"]
[Site "LA ROCHE SUR YON"]
[Date "2008.04.21"]
[Round "2.7"]
[White "Le Marec, Laura"]
[Black "Monpeurt, Cyrielle"]
[Result "1/2-1/2"]
[WhiteElo "1520"]
[BlackElo "1734"]
[Annotator "Salaun,Michel"]
[PlyCount "67"]
[EventDate "2008.04.24"]
[EventType "swiss"]
[EventRounds "6"]
[EventCountry "FRA"]

1. Nf3 d5 2. d4 c6 3. c3 Nf6 4. Bf4 Bf5 5. e3 e6 6. Bd3 Bxd3 7. Qxd3 Be7 8. O-O
O-O 9. Ne5 Nbd7 10. Nxd7 Qxd7 11. Nd2 Rac8 12. Rac1 c5 13. c4 dxc4 14. Nxc4
cxd4 15. Qxd4 Qxd4 16. exd4 Rfd8 17. Rfd1 h6 18. Be5 Ng4 19. Ne3 Rxc1 20. Rxc1
Nxe5 21. dxe5 Bg5 22. h3 Bxe3 23. fxe3 Rd2 24. Rc8+ Kh7 25. Rc7 Rxb2 26. Rxf7
Rxa2 27. Rxb7 Re2 28. Re7 Rxe3 29. Rxe6 a5 30. Re8 a4 31. Ra8 a3 32. e6 Rxe6
33. Rxa3 Re2 34. Rf3 {(=)} 1/2-1/2

[Event "Championnat de France des Jeunes - Benj"]
[Site "LA ROCHE SUR YON"]
[Date "2008.04.21"]
[Round "2.8"]
[White "Ane, Cedric"]
[Black "Gailliegue, Florian"]
[Result "1-0"]
[WhiteElo "2020"]
[BlackElo "1785"]
[Annotator "Salaun,Michel"]
[PlyCount "123"]
[EventDate "2008.04.24"]
[EventType "swiss"]
[EventRounds "6"]
[EventCountry "FRA"]

1. e4 e6 2. d4 d5 3. Nd2 Be7 4. Bd3 c5 5. dxc5 Bxc5 6. Ngf3 Nf6 7. Qe2 Nc6 8.
c3 Ng4 9. O-O a6 10. Nb3 Bb6 11. e5 Qc7 12. Bf4 f6 13. Rae1 O-O 14. Qc2 g5 15.
Bg3 Ncxe5 16. Nbd4 Bxd4 17. Nxd4 Qg7 18. Be2 Nh6 19. Bh5 Nhf7 20. Bxf7+ Kxf7
21. Qe2 Bd7 {(=)} 22. Bxe5 fxe5 23. Qxe5 Qxe5 24. Rxe5 h6 25. Rfe1 Rae8 26. h3
Rg8 27. Kh2 Rg6 28. Kg3 Reg8 29. R5e3 h5 30. Kh2 Rf6 31. Kg1 h4 {(=)} 32. Nf3
Bc8 33. Ne5+ Ke7 34. f3 Rf4 35. Rd1 Kd6 36. Kf2 Rf5 37. Nd3 e5 38. Nb4 Be6 39.
Ke2 Rgf8 40. Nxd5 Bxd5 41. c4 e4 42. Rxe4 Rc8 43. Red4 Re8+ 44. Kf2 Ree5 45.
cxd5 Rxd5 46. g3 Rxd4 47. Rxd4+ Kc5 48. Rg4 Rd5 49. gxh4 gxh4 50. Ke2 Rh5 51.
f4 Kd4 52. Kf3 Rb5 53. Rg2 Rb6 54. f5 Ke5 55. Kg4 Rb4+ 56. Kg5 Re4 57. f6 Re3
58. Rf2 Rg3+ 59. Kxh4 Rg8 60. f7 Rf8 61. Kg5 Ke6 62. Kg6 1-0

[Event "Championnat de France des Jeunes - Benj"]
[Site "LA ROCHE SUR YON"]
[Date "2008.04.21"]
[Round "2.9"]
[White "Civit, Pierre"]
[Black "Loiseau, Quentin"]
[Result "0-1"]
[WhiteElo "1800"]
[BlackElo "2012"]
[Annotator "Salaun,Michel"]
[PlyCount "98"]
[EventDate "2008.04.24"]
[EventType "swiss"]
[EventRounds "6"]
[EventCountry "FRA"]

1. d4 Nf6 2. c4 g6 3. Nc3 Bg7 4. e4 d6 5. Nf3 O-O 6. Be2 e5 7. dxe5 dxe5 8.
Qxd8 Rxd8 9. Bg5 Rf8 10. Bxf6 Bxf6 11. Nd5 Bd8 12. O-O-O c6 13. Nc3 Bc7 14. Rd2
h6 15. Rhd1 Na6 16. a3 Nc5 17. Kc2 f5 18. Bd3 Be6 19. Nh4 Kg7 20. exf5 gxf5 21.
Be2 Rac8 22. g3 Kf6 23. b4 Na6 24. f3 Rcd8 25. Na4 Rxd2+ 26. Rxd2 Rd8 27. c5
Bb3+ 28. Kxb3 Rxd2 29. Nc3 Rd8 30. Kc2 Nb8 31. Bd3 e4 32. fxe4 f4 33. gxf4 Bxf4
34. Nf3 Nd7 35. Ne2 Ne5 36. Nxe5 Bxe5 37. h3 Rg8 38. Kd2 Rg2 39. a4 Rh2 40. b5
Bd4 41. Ke1 Bxc5 42. Nf4 Bd6 43. Ne2 Rxh3 44. Kd2 Bc5 45. Kc2 h5 46. bxc6 bxc6
47. Kd2 h4 48. Ba6 Ra3 49. Bb7 h3 0-1

[Event "Championnat de France des Jeunes - Benj"]
[Site "LA ROCHE SUR YON"]
[Date "2008.04.21"]
[Round "2.7"]
[White "Ringuet, Noe"]
[Black "Netzer, Jacques"]
[Result "1/2-1/2"]
[WhiteElo "1821"]
[BlackElo "2059"]
[Annotator "Salaun,Michel"]
[PlyCount "96"]
[EventDate "2008.04.24"]
[EventType "swiss"]
[EventRounds "6"]
[EventCountry "FRA"]

1. e4 c5 2. Nf3 e6 3. d4 cxd4 4. Nxd4 Nc6 5. Nc3 Qc7 6. g3 a6 7. Bg2 Nf6 8. Be3
h5 9. h3 Bb4 10. O-O Bxc3 11. bxc3 Na5 12. Nb3 Nc4 13. Bg5 Ng8 14. Bf3 g6 15.
Kg2 f6 16. Bd2 Ne7 17. Qe2 h4 18. Rad1 e5 19. Bc1 b6 20. Nd2 Na5 21. Nb3 Nc4
22. Nd2 Na5 23. Nb3 Nxb3 24. cxb3 hxg3 25. fxg3 d5 26. Bg4 Bxg4 27. Qxg4 f5 28.
exf5 gxf5 29. Qf3 O-O-O 30. Ba3 Rhf8 31. Bxe7 Qxe7 32. Rxd5 e4 33. Rxd8+ Qxd8
34. Qe2 Kb7 35. Rd1 Qc7 36. c4 Rg8 37. Qe3 Qe5 38. Rd5 Qb2+ 39. Qf2 Qxf2+ 40.
Kxf2 Rf8 41. Ke3 Kc6 42. a4 a5 43. h4 Rg8 44. Rxf5 Rxg3+ 45. Kxe4 Rxb3 46. Rb5
Rh3 47. h5 Rh4+ 48. Kd3 Rh3+ {(=)} 1/2-1/2

[Event "Championnat de France des Jeunes - Benj"]
[Site "LA ROCHE SUR YON"]
[Date "2008.04.21"]
[Round "2.6"]
[White "Ider, Borya"]
[Black "Gros, Alexandre"]
[Result "1-0"]
[WhiteElo "2074"]
[BlackElo "1806"]
[Annotator "Salaun,Michel"]
[PlyCount "75"]
[EventDate "2008.04.24"]
[EventType "swiss"]
[EventRounds "6"]
[EventCountry "FRA"]

1. d4 Nf6 2. Nf3 e6 3. g3 c5 4. Bg2 Nc6 5. O-O Be7 6. c4 cxd4 7. Nxd4 O-O 8.
Nc3 Qb6 9. Nb3 Qd8 10. Bf4 b6 11. Nb5 Ne8 12. Qd2 a6 13. Rfd1 axb5 14. cxb5 Nf6
15. bxc6 dxc6 16. Bxc6 Ra7 17. Bb8 Qxd2 18. Rxd2 Ra6 19. Bd6 Bxd6 20. Rxd6 Ra7
21. a3 Bb7 22. Rad1 h6 23. Nd4 Bxc6 24. Nxc6 Rb7 25. f3 Kh7 26. e4 Rc8 27. Kf2
Ne8 28. Rd8 Rxc6 29. Rxe8 Rc2+ 30. Ke3 Rxb2 31. h4 h5 32. Kf4 Ra7 33. Rdd8 Rxa3
34. g4 hxg4 35. Rh8+ Kg6 36. h5+ Kf6 37. e5+ Ke7 38. Rhe8# 1-0

[Event "Championnat de France des Jeunes - Benj"]
[Site "LA ROCHE SUR YON"]
[Date "2008.04.21"]
[Round "2.10"]
[White "Godart, Francois"]
[Black "Hallope, Arnaud"]
[Result "1-0"]
[WhiteElo "2002"]
[BlackElo "1755"]
[Annotator "Salaun,Michel"]
[PlyCount "47"]
[EventDate "2008.04.24"]
[EventType "swiss"]
[EventRounds "6"]
[EventCountry "FRA"]

1. d4 Nf6 2. Nf3 g6 3. c4 d5 4. cxd5 Nxd5 5. e4 Nb6 6. Bb5+ c6 7. Be2 Bg7 8.
O-O O-O 9. Nc3 Kh8 10. Be3 f5 11. Qd2 fxe4 12. Nxe4 Bf5 13. Nc5 Qc8 14. Bg5 e6
15. Ne5 N8d7 16. Ncxd7 Nxd7 17. Be7 Nxe5 18. Bxf8 Qxf8 19. dxe5 Bxe5 20. Rad1
Be4 21. Qe3 Qf5 22. g4 Qf4 23. Qxf4 Bxf4 24. Rd4 1-0

[Event "Championnat de France des Jeunes - Benj"]
[Site "LA ROCHE SUR YON"]
[Date "2008.04.21"]
[Round "3.8"]
[White "Monpeurt, Cyrielle"]
[Black "Amosse, Blandine"]
[Result "1-0"]
[WhiteElo "1734"]
[BlackElo "1420"]
[Annotator "Salaun,Michel"]
[PlyCount "87"]
[EventDate "2008.04.24"]
[EventType "swiss"]
[EventRounds "6"]
[EventCountry "FRA"]

1. e4 e5 2. Nf3 Nc6 3. Bb5 d6 4. d4 Bd7 5. Nc3 a6 6. Bxc6 Bxc6 7. dxe5 dxe5 8.
Qxd8+ Rxd8 9. Nxe5 Ne7 10. Bf4 Rc8 11. O-O-O b6 12. Rhe1 Bb7 13. Nd5 b5 14. Nf3
Nxd5 15. exd5+ Be7 16. d6 cxd6 17. Bxd6 O-O 18. Rxe7 Bxf3 19. gxf3 Rcd8 20. Re4
Rfe8 21. Rxe8+ Rxe8 22. Kd2 Re6 23. Kc3 Re2 24. Bc7 g6 25. Bb6 h5 26. Rd8+ Kh7
27. Bd4 Kh6 28. Be3+ Kh7 29. Rd7 Kg8 30. Ra7 Re1 31. Rxa6 Rh1 32. Bf4 g5 33.
Bxg5 Rxh2 34. Rh6 Kg7 35. Kb4 f6 36. Rxf6 Rxf2 37. Kxb5 Rxc2 38. b4 Rxa2 39.
Kb6 Rh2 40. Rh6 Rh3 41. f4 Kf7 42. b5 Re3 43. Kc7 Rc3+ 44. Rc6 1-0

[Event "Championnat de France des Jeunes - Benj"]
[Site "LA ROCHE SUR YON"]
[Date "2008.04.21"]
[Round "3.7"]
[White "Ranc, Candice"]
[Black "Aggoune, Audessa"]
[Result "1/2-1/2"]
[WhiteElo "1490"]
[BlackElo "1750"]
[Annotator "Salaun,Michel"]
[PlyCount "71"]
[EventDate "2008.04.24"]
[EventType "swiss"]
[EventRounds "6"]
[EventCountry "FRA"]

1. e4 d5 2. exd5 Qxd5 3. Nc3 Qa5 4. d4 Nf6 5. Bd2 c6 6. Nf3 Bf5 7. Bc4 e6 8.
Qe2 Qd8 9. O-O-O Be7 10. Nh4 Bg6 11. Nxg6 hxg6 12. Bf4 Nbd7 13. Kb1 Nd5 14.
Nxd5 cxd5 15. Bb3 O-O 16. g3 a6 17. h4 b5 18. h5 g5 19. Bd2 Re8 20. f4 Nf8 21.
Rdf1 Nh7 22. Qf3 Rf8 23. f5 Bf6 24. fxe6 fxe6 25. Qg4 Ra7 26. Qxe6+ Kh8 27. c3
Qc7 28. Bc2 Qd7 29. Qe2 Qe7 30. Be3 Re8 31. Re1 Qe6 32. Bxh7 Kxh7 33. Qd3+ Qe4
34. Qxe4+ Rxe4 35. Bd2 Rae7 36. Kc2 {(=)} 1/2-1/2

[Event "Championnat de France des Jeunes - Benj"]
[Site "LA ROCHE SUR YON"]
[Date "2008.04.21"]
[Round "3.6"]
[White "Seelen, Amandine"]
[Black "Henry, Laura"]
[Result "1-0"]
[WhiteElo "1500"]
[BlackElo "1667"]
[Annotator "Salaun,Michel"]
[PlyCount "67"]
[EventDate "2008.04.24"]
[EventType "swiss"]
[EventRounds "6"]
[EventCountry "FRA"]

1. d4 d5 2. Nf3 Nc6 3. c4 e6 4. Nc3 Nf6 5. e3 Bb4 6. Bd2 O-O 7. Bd3 Re8 8. O-O
e5 9. cxd5 Nxd5 10. Nxd5 Qxd5 11. e4 Qd6 12. d5 Ne7 13. Bxb4 Qxb4 14. Qc2 c6
15. Nxe5 cxd5 16. exd5 Nxd5 17. Bxh7+ Kf8 18. Rfe1 Qd6 19. Nc4 Rxe1+ 20. Rxe1
Qb4 21. Rd1 Bg4 22. f3 Bh5 23. g4 Bg6 24. Bxg6 fxg6 25. Rxd5 Qe1+ 26. Kg2 Re8
27. Rd2 Rc8 28. Qxg6 Kg8 29. h4 Re8 30. Qd3 Kh8 31. Nd6 Re7 32. Nf5 Rf7 33. Re2
Qb4 34. Ne7 1-0

[Event "Championnat de France des Jeunes - Benj"]
[Site "LA ROCHE SUR YON"]
[Date "2008.04.21"]
[Round "3.9"]
[White "Colin, Phanie"]
[Black "Le Marec, Laura"]
[Result "0-1"]
[WhiteElo "1630"]
[BlackElo "1520"]
[Annotator "Salaun,Michel"]
[PlyCount "98"]
[EventDate "2008.04.24"]
[EventType "swiss"]
[EventRounds "6"]
[EventCountry "FRA"]

1. c4 c5 2. Nc3 Nc6 3. Nf3 Nf6 4. g3 e6 5. Bg2 Be7 6. O-O O-O 7. d3 d5 8. cxd5
exd5 9. Bd2 d4 10. Nb1 Be6 11. Na3 Qd7 12. Nc2 Bh3 13. a3 Bxg2 14. Kxg2 Qd5 15.
Rb1 Bd6 16. b4 b6 17. Kg1 Ne5 18. Nce1 Nh5 19. Nxe5 Qxe5 20. Nf3 Qe6 21. Kg2
Qg6 22. bxc5 bxc5 23. Qb3 Rfb8 24. Qd5 a5 25. Nh4 Qe6 26. Qxh5 g6 27. Qf3 Re8
28. Rfe1 Rf8 29. Kg1 Qa2 30. Bh6 Rfe8 31. Ra1 Qe6 32. e3 Be7 33. exd4 Qa6 34.
Qf4 cxd4 35. Qd2 Rac8 36. Rac1 Bxa3 37. Rxc8 Rxc8 38. Qe2 Qc6 39. Qe5 Bf8 40.
Bxf8 Rxf8 41. Qxd4 Ra8 42. Qa1 a4 43. Ng2 a3 44. d4 a2 45. Rd1 Qc2 46. Rf1 Rb8
47. Ne3 Qd2 48. Qc1 Qxc1 49. Rxc1 Rb1 0-1

[Event "Championnat de France des Jeunes - Benj"]
[Site "LA ROCHE SUR YON"]
[Date "2008.04.21"]
[Round "3.10"]
[White "Verwaerde, Jolanthe"]
[Black "Eggenspieler, Jennifer"]
[Result "1-0"]
[WhiteElo "1520"]
[BlackElo "1590"]
[Annotator "Salaun,Michel"]
[PlyCount "39"]
[EventDate "2008.04.24"]
[EventType "swiss"]
[EventRounds "6"]
[EventCountry "FRA"]

1. e4 e5 2. Nf3 Nc6 3. d4 d6 4. dxe5 Nxe5 5. Nxe5 dxe5 6. Qxd8+ Kxd8 7. Bc4 f6
8. Nc3 Bc5 9. Bd2 Bg4 10. f3 Bh5 11. O-O-O Ke7 12. Nd5+ Kd7 13. Ba5 Kc6 14.
Nxc7 Be3+ 15. Kb1 b6 16. Nxa8 bxa5 17. Bd5+ Kc5 18. Nc7 Ne7 19. Ne6+ Kb5 20.
Rd3 1-0

[Event "Championnat de France des Jeunes - Benj"]
[Site "LA ROCHE SUR YON"]
[Date "2008.04.21"]
[Round "3.7"]
[White "Bensaid, Alexandre"]
[Black "Ane, Cedric"]
[Result "0-1"]
[WhiteElo "1883"]
[BlackElo "2020"]
[Annotator "Salaun,Michel"]
[PlyCount "160"]
[EventDate "2008.04.24"]
[EventType "swiss"]
[EventRounds "6"]
[EventCountry "FRA"]

1. e4 c5 2. Nf3 Nc6 3. d4 cxd4 4. Nxd4 Qb6 5. Nb3 Nf6 6. Nc3 e6 7. Be3 Qc7 8.
a3 a6 9. Be2 Be7 10. O-O b5 11. f4 d6 12. Bf3 Bb7 13. Qd2 O-O 14. Qf2 Nd7 15.
Ne2 Rac8 16. c3 Ncb8 17. a4 Nc5 18. Nxc5 dxc5 19. axb5 axb5 20. e5 Bxf3 21.
Qxf3 Nd7 22. Ra6 Nb8 23. Ra8 Nc6 24. Rxc8 Qxc8 25. Rd1 Na5 26. Ng3 Nc4 27. Qf2
h6 28. b3 Na5 29. Qc2 Rd8 30. Ne4 Rd5 31. Rb1 Qd8 32. c4 Rd3 33. Bxc5 Bxc5+ 34.
Nxc5 Rd2 35. Qe4 Qb6 36. Qe3 Ra2 37. cxb5 Qxb5 38. Re1 Qc6 39. Ne4 {(=)} Qc2
40. Nf2 Nxb3 41. Qb6 Rb2 42. Qa7 Nc5 43. Qa8+ Kh7 44. Qf3 Rb4 45. g3 Rd4 46.
Qe3 Rd2 47. Ra1 Re2 48. Qf3 Nb3 49. Ra8 Nd4 50. Qd3+ Qxd3 51. Nxd3 Nf3+ 52. Kf1
Rd2 53. Nf2 Nxh2+ 54. Ke1 Nf3+ 55. Kf1 Rc2 56. Ra3 Nd4 57. Rd3 Nf5 58. Kg2 Kg6
59. Kf3 Ne7 60. Nd1 Rc1 61. Ne3 h5 62. Kf2 Rc7 63. Kf3 {(=)} Nf5 64. Ng2 f6 65.
exf6 gxf6 66. g4 hxg4+ 67. Kxg4 Rh7 68. Rh3 Rd7 69. Nh4+ Nxh4 70. Rxh4 Rd3 71.
Rh2 f5+ 72. Kh4 Rf3 73. Re2 Rxf4+ 74. Kg3 Rg4+ 75. Kf3 Kf6 76. Rh2 Rg6 77. Ra2
e5 78. Ra6+ Kg5 79. Ra5 e4+ 80. Ke3 Rb6 0-1

[Event "Championnat de France des Jeunes - Benj"]
[Site "LA ROCHE SUR YON"]
[Date "2008.04.21"]
[Round "3.6"]
[White "Brunier, Jules"]
[Black "Ider, Borya"]
[Result "1/2-1/2"]
[WhiteElo "1886"]
[BlackElo "2074"]
[Annotator "Salaun,Michel"]
[PlyCount "154"]
[EventDate "2008.04.24"]
[EventType "swiss"]
[EventRounds "6"]
[EventCountry "FRA"]

1. e4 c6 2. d4 d5 3. Nc3 g6 4. h3 Bg7 5. Nf3 Nf6 6. Bd3 dxe4 7. Nxe4 Nbd7 8.
O-O Qc7 9. Bg5 O-O 10. Qd2 Rd8 11. Rfe1 Nxe4 12. Bxe4 Nf6 13. Bd3 Be6 14. c3 c5
15. Bf4 Qd7 16. Ne5 Qc8 17. Rac1 Nd5 18. Bg3 Bf5 19. a3 Bxd3 20. Qxd3 cxd4 21.
cxd4 Qf5 22. Qb5 Nb6 23. Rc7 Qe6 24. Nf3 Qd5 25. Qxd5 Nxd5 26. Rxb7 Rdc8 27.
Rd7 e6 28. Be5 Bxe5 29. dxe5 h6 30. Re2 a5 31. b4 axb4 32. axb4 Rab8 33. Rb2 {
(=)} Nxb4 34. Rd4 Nd5 35. Rxb8 Rxb8 36. g3 Kg7 37. Nd2 g5 38. h4 {(=)} Kg6 39.
hxg5 hxg5 40. Nf3 Kf5 41. g4+ Kg6 42. Nd2 Nf4 43. Rc4 Rb2 44. Ne4 Rb1+ 45. Kh2
Re1 46. Kg3 Nd3 47. f3 Nxe5 48. Rc5 f6 49. Rc3 Re2 50. Nf2 f5 51. gxf5+ exf5
52. Nh3 Nd7 53. Rc6+ Nf6 54. Nf2 Re3 55. Kg2 Ra3 56. Nd1 Kf7 57. Rc7+ Kg6 58.
Rc6 Ra2+ 59. Kh3 Re2 60. Nc3 Re5 61. Kg3 f4+ 62. Kf2 Kf5 63. Ne2 Rd5 64. Nc3
Ra5 65. Rb6 Ra3 66. Rb5+ Kg6 67. Rc5 Rb3 68. Rc6 Rb8 69. Nd5 Rf8 70. Ne7+ Kh5
71. Rc1 g4 72. Rc5+ Kh6 73. Rf5 g3+ 74. Kg2 Nh7 75. Rxf8 Nxf8 76. Nf5+ Kg5 77.
Nxg3 fxg3 {(=)} 1/2-1/2

[Event "Championnat de France des Jeunes - Benj"]
[Site "LA ROCHE SUR YON"]
[Date "2008.04.21"]
[Round "3.8"]
[White "Loiseau, Quentin"]
[Black "Barbaras, Mathieu"]
[Result "1-0"]
[WhiteElo "2012"]
[BlackElo "1791"]
[Annotator "Salaun,Michel"]
[PlyCount "135"]
[EventDate "2008.04.24"]
[EventType "swiss"]
[EventRounds "6"]
[EventCountry "FRA"]

1. Nf3 Nf6 2. c4 e6 3. g3 d5 4. d4 Be7 5. Bg2 O-O 6. O-O b6 7. Qc2 Bb7 8. Rd1
Na6 9. Nbd2 Rc8 10. cxd5 Bxd5 11. e4 Bb7 12. Ng5 Nb4 13. Qb1 Ba6 14. Ndf3 h6
15. e5 hxg5 16. Nxg5 g6 17. exf6 Bxf6 18. Ne4 Nd5 19. h4 Qe7 20. Bh6 Rfd8 21.
Bh3 Bxh4 22. Qc1 Bf6 23. Re1 Bb7 {(=)} 24. Ng5 Bxg5 25. Bxg5 Nf6 26. Qf4 Kg7
27. Re2 Rh8 28. Bg2 Bxg2 29. Kxg2 Qd8 30. Qf3 Rh5 31. Re5 Rxg5 32. Rxg5 Qxd4
33. Rb5 Rd8 34. Rh1 Rd5 35. Rh4 Qe5 36. Rb3 c5 37. Rf4 Rd4 38. Re3 Rxf4 39.
Rxe5 Rxf3 40. Kxf3 Nd5 41. Re4 b5 42. Re2 a5 43. Ke4 Kf6 44. Rc2 c4 45. Kd4 Nb4
{(=)} 46. Rd2 Nxa2 47. Kc5 c3 48. Rc2 b4 49. b3 a4 50. Kc4 axb3 51. Kxb3 Kf5
52. Rxa2 Ke4 53. Kxb4 Kd3 54. Kb3 e5 55. Rc2 f5 56. Rxc3+ Ke2 57. f4 e4 58. Kc4
Kf2 59. Kd4 Kg2 60. Ra3 Kf2 61. Re3 Kg2 62. Kc3 Kf1 63. Kd2 Kf2 64. Ra3 Kf1 65.
Ke3 Kg2 66. Ke2 Kg1 67. Ra6 Kg2 68. Rxg6 1-0

[Event "Championnat de France des Jeunes - Benj"]
[Site "LA ROCHE SUR YON"]
[Date "2008.04.21"]
[Round "3.9"]
[White "Muller, Matthieu"]
[Black "Godart, Francois"]
[Result "0-1"]
[WhiteElo "1680"]
[BlackElo "2002"]
[Annotator "Salaun,Michel"]
[PlyCount "112"]
[EventDate "2008.04.24"]
[EventType "swiss"]
[EventRounds "6"]
[EventCountry "FRA"]

1. e4 c6 2. d4 d5 3. Nc3 dxe4 4. Nxe4 Bf5 5. Ng3 Bg6 6. Nf3 Nd7 7. h4 h6 8. h5
Bh7 9. Bd3 Bxd3 10. Qxd3 e6 11. Bf4 Qa5+ 12. Bd2 Qc7 13. O-O-O Ngf6 14. c4 Be7
15. Bc3 O-O 16. Ne2 Rab8 17. Rdg1 Ng4 18. d5 cxd5 19. Qd4 Ndf6 20. Rh4 Bc5 21.
Qd2 Bxf2 22. Kb1 Bxh4 23. Nxh4 Qxc4 24. Rf1 Qe4+ 25. Ka1 Ne3 26. Rh1 Nc2+ 27.
Kb1 Nd4+ 28. Ka1 Qxe2 29. Qxd4 e5 30. Qxe5 Qxe5 31. Bxe5 Rbc8 32. Nf5 Kh7 33.
a3 Rc2 34. Rg1 Re8 35. Bc3 Ree2 36. g3 Rg2 37. Re1 Rce2 38. Rh1 Rh2 39. Rf1
Ref2 40. Rxf2 Rxf2 41. Nd6 Nxh5 42. g4 Nf6 43. Nxb7 Nxg4 44. Bd4 Rf1+ 45. Ka2
a6 46. Nc5 a5 47. Nb3 a4 48. Nc5 h5 49. b4 axb3+ 50. Kxb3 h4 51. a4 h3 52. a5
h2 53. a6 h1=Q 54. a7 Qf3+ 55. Kb4 Rb1+ 56. Ka5 Qe2 0-1

[Event "Championnat de France des Jeunes - Benj"]
[Site "LA ROCHE SUR YON"]
[Date "2008.04.21"]
[Round "3.10"]
[White "Roques, Olivier"]
[Black "Ollier, Milan"]
[Result "1/2-1/2"]
[WhiteElo "1620"]
[BlackElo "1893"]
[Annotator "Salaun,Michel"]
[PlyCount "65"]
[EventDate "2008.04.24"]
[EventType "swiss"]
[EventRounds "6"]
[EventCountry "FRA"]

1. f4 c5 2. b3 Nc6 3. Bb2 d5 4. Nf3 e6 5. e3 Nf6 6. Be2 Bd6 7. O-O Bd7 8. Ne5
Qc7 9. Nxd7 Qxd7 10. Bg4 O-O-O 11. f5 e5 12. Nc3 Nxg4 13. Qxg4 Bf8 14. e4 dxe4
15. Nxe4 f6 16. d3 Kb8 17. a4 Nd4 18. Bxd4 cxd4 19. a5 Rc8 20. Rfc1 Rc6 21. Ra4
Qc7 22. Qe2 {(=)} g6 23. Rc4 Rxc4 24. bxc4 Be7 25. Rf1 Qc6 26. Qg4 g5 27. Qh5
Qe8 28. Qh6 Qf7 29. Rb1 Ka8 30. Rb5 Rd8 31. Rb3 Rc8 32. Rb5 Rd8 33. Rb3 {(=)}
1/2-1/2

[Event "Championnat de France des Jeunes - Benj"]
[Site "LA ROCHE SUR YON"]
[Date "2008.04.22"]
[Round "4.7"]
[White "Alonso, Audrey"]
[Black "Griggio, Julie"]
[Result "1-0"]
[WhiteElo "1530"]
[BlackElo "1800"]
[Annotator "Salaun,Michel"]
[PlyCount "103"]
[EventDate "2008.04.24"]
[EventType "swiss"]
[EventRounds "6"]
[EventCountry "FRA"]

1. e4 e6 2. d4 d5 3. exd5 exd5 4. Bd3 Nf6 5. Bg5 Bd6 6. Ne2 Be6 7. Nd2 Nbd7 8.
c3 h6 9. Bf4 Qe7 10. Bxd6 Qxd6 11. Qc2 c6 12. Ng3 b6 13. h3 O-O 14. O-O c5 15.
Nf3 Rac8 16. Rae1 cxd4 17. Nxd4 Rfe8 18. Ngf5 Bxf5 19. Nxf5 Qf8 20. Qd2 Ne5 21.
Bb5 Nc4 22. Bxc4 Rxe1 23. Rxe1 Rxc4 24. Ne7+ Kh8 25. Nxd5 Re4 26. Nxf6 Rxe1+
27. Qxe1 gxf6 28. Qe3 Kg7 29. Qg3+ Kh8 30. Qf4 Kg7 31. Qg4+ Kh8 {(=)} 32. Qd7
a5 33. Qc7 b5 34. Qxa5 Qe8 35. Kf1 Qd7 36. Qa8+ Kg7 37. Qf3 Qd2 38. b4 Qxa2 39.
Kg1 Qc4 40. Qg4+ Kf8 41. Qxc4 bxc4 42. Kf1 Ke7 43. Ke2 Kd6 44. Ke3 Kd5 45. f3
f5 46. Kf4 Kc6 47. Kxf5 Kb5 48. Ke4 h5 49. g4 h4 50. f4 f6 51. g5 f5+ 52. Kd5
1-0

[Event "Championnat de France des Jeunes - Benj"]
[Site "LA ROCHE SUR YON"]
[Date "2008.04.22"]
[Round "4.10"]
[White "Finkel, Julie"]
[Black "Tabard, Anja"]
[Result "0-1"]
[WhiteElo "1510"]
[BlackElo "1660"]
[Annotator "Salaun,Michel"]
[PlyCount "90"]
[EventDate "2008.04.24"]
[EventType "swiss"]
[EventRounds "6"]
[EventCountry "FRA"]

1. e4 e5 2. Nf3 Nc6 3. Bc4 Nf6 4. d3 d5 5. exd5 Nxd5 6. Bb5 Bd6 7. c3 Bd7 8.
O-O a6 9. Bc4 Nf4 10. Bxf4 exf4 11. Re1+ Be7 12. Qd2 O-O 13. Qxf4 Bd6 14. Qg5
Re8 15. Qxd8 Raxd8 16. Nbd2 b5 17. Bb3 Re7 18. Rxe7 Bxe7 19. Re1 b4 20. Bd5 Kf8
21. d4 Rb8 22. c4 Bf6 23. Ne5 Bxe5 24. dxe5 Re8 25. Nf3 Nd8 26. Nd4 c5 27. Nb3
Bc6 28. Nxc5 Bxd5 29. Nd7+ Ke7 30. Nf6 gxf6 31. exf6+ Kf8 32. Rxe8+ Kxe8 33.
cxd5 Kd7 34. g4 Kd6 35. h4 Kxd5 36. h5 Ke5 37. g5 Kf5 38. g6 fxg6 39. hxg6 hxg6
40. Kg2 Kxf6 41. Kf3 Ke5 42. Ke3 Ne6 43. a3 a5 44. f3 g5 45. axb4 axb4 0-1

[Event "Championnat de France des Jeunes - Benj"]
[Site "LA ROCHE SUR YON"]
[Date "2008.04.22"]
[Round "4.6"]
[White "Andre, Severine"]
[Black "Verwaerde, Jolanthe"]
[Result "1/2-1/2"]
[WhiteElo "1733"]
[BlackElo "1520"]
[Annotator "Salaun,Michel"]
[PlyCount "70"]
[EventDate "2008.04.24"]
[EventType "swiss"]
[EventRounds "6"]
[EventCountry "FRA"]

1. Nf3 d5 2. g3 e6 3. Bg2 f5 4. O-O c6 5. d3 Nf6 6. Nbd2 Bd6 7. Re1 O-O 8. e4
fxe4 9. dxe4 Bc5 10. e5 Ng4 11. Re2 Nd7 12. Qe1 Ndxe5 13. h3 Nxf3+ 14. Nxf3 Nf6
15. Be3 Bxe3 16. Rxe3 Bd7 17. Nd4 Qb6 18. Qc3 Rae8 19. Nb3 a5 20. Qxa5 Qxa5 21.
Nxa5 Bc8 22. f4 Nd7 23. Rae1 Rf6 24. Nb3 Nb6 25. Nc5 Nc4 26. Rb3 b5 27. Nd3 Bb7
{(=)} 28. Ne5 Nxe5 29. Rxe5 Rf5 30. Rbe3 Rxe5 31. Rxe5 Kf7 32. Kf2 Ra8 33. a3
Ra4 34. c3 Kf6 35. h4 c5 {(=)} 1/2-1/2

[Event "Championnat de France des Jeunes - Benj"]
[Site "LA ROCHE SUR YON"]
[Date "2008.04.22"]
[Round "4.9"]
[White "Henry, Laura"]
[Black "Roger, Juliette"]
[Result "0-1"]
[WhiteElo "1667"]
[BlackElo "1460"]
[Annotator "Salaun,Michel"]
[PlyCount "52"]
[EventDate "2008.04.24"]
[EventType "swiss"]
[EventRounds "6"]
[EventCountry "FRA"]

1. e4 c5 2. Nf3 Nc6 3. d4 cxd4 4. Nxd4 g6 5. Nxc6 bxc6 6. Nc3 Bg7 7. Bd3 d5 8.
exd5 cxd5 9. Bb5+ Bd7 10. Qxd5 Rb8 11. O-O Bxb5 12. Qxd8+ Kxd8 13. Rd1+ Kc8 14.
Be3 a6 15. Rd5 Nf6 16. Rc5+ Kd7 17. Rd1+ Ke6 18. Nxb5 Rxb5 19. Rc6+ Kf5 20. f3
g5 21. h4 h6 22. h5 g4 23. Rd4 e5 24. Rdc4 gxf3 25. g3 e4 26. Kh2 Ng4+ 0-1

[Event "Championnat de France des Jeunes - Benj"]
[Site "LA ROCHE SUR YON"]
[Date "2008.04.22"]
[Round "4.8"]
[White "Aggoune, Audessa"]
[Black "Gourdelier, Alice"]
[Result "1/2-1/2"]
[WhiteElo "1750"]
[BlackElo "1490"]
[Annotator "Salaun,Michel"]
[PlyCount "46"]
[EventDate "2008.04.24"]
[EventType "swiss"]
[EventRounds "6"]
[EventCountry "FRA"]

1. d4 d5 2. c4 dxc4 3. Nc3 Nf6 4. Nf3 Bf5 5. Bf4 e6 6. e3 Bb4 7. Qa4+ Nc6 8.
Ne5 Bxc3+ 9. bxc3 Qd5 10. Nxc6 Qxc6 11. Qxc6+ bxc6 12. Bxc4 Nd5 13. Bg3 Nxc3
14. Rc1 Nd5 15. Bxd5 cxd5 16. Rxc7 O-O 17. O-O Rfc8 18. Rfc1 Rxc7 19. Rxc7 Bd3
20. Bd6 g6 21. h4 a6 22. g3 h5 23. a3 Rd8 {(=)} 1/2-1/2